000 01388cad a2200205 4500
001 L158783
008 051213n2003 000 0 eng u
035 _a(Sirsi) u158783
041 0 _aeng
100 1 _aPlimmer, Frances
111 2 _aFIG Regional Conference
_cMarrakech
_d2-5 December 2003
245 _aEducation for surveyors
_bAn RICS perspective
_h[electronic resource]
260 _aLondon
_bRICS
_c2003
520 _aA paper presented at the FIG Regional Conference in Marrakech on 2-5 December 2003. Outlines the history of the RICS?s professional education for Chartered Surveyors and considers some of the issues currently facing the professional education and training of valuers. It also discusses the "objectives and principles" of the approach which The Royal Institution of Chartered Surveyors (RICS) is adopting in its role as an accrediting body of surveying courses around the world. Specifically, the paper covers the roles of professional Accreditation, Partnership and Threshold Standards, External Examiners, the assessment of pre-qualificational training (APC) and Continuing Professional Development.
650 2 4 _aABOUT RICS
651 4 _aUnited Kingdom
_y
690 _aCAREERS, EDUCATION AND TRAINING
856 4 0 _uhttps://fig.net/resources/proceedings/fig_proceedings/morocco/proceedings/TS21/TS21_3_plimmer.pdf
_zView this item at fig.net
942 _n0
999 _c115503
_d115503